ბათუმის შოთა რუსთაველის სახელმწიფო უნივერსიტეტის ბიბლიოთეკა

Алкалоидоносные растения СССР (ბიბ.ჩანაწერი № 45982)

000 -LEADER
fixed length control field 00565nam a2200205Ia 4500
001 - CONTROL NUMBER
control field 12811
003 - CONTROL NUMBER IDENTIFIER
control field GE_BSU
008 - FIXED-LENGTH DATA ELEMENTS--GENERAL INFORMATION
fixed length control field 181216s||||||||xx |||||||||||||| ||und||
040 ## - CATALOGING SOURCE
Transcribing agency GE_BSU
080 ## - UNIVERSAL DECIMAL CLASSIFICATION NUMBER
Universal Decimal Classification number 581.6
100 ## - MAIN ENTRY--PERSONAL NAME
Personal name Соколов,В.С.
245 ## - TITLE STATEMENT
Title Алкалоидоносные растения СССР
245 ## - TITLE STATEMENT
Statement of responsibility, etc. Отв.ред.М.М.Ильин
260 ## - PUBLICATION, DISTRIBUTION, ETC.
Place of publication, distribution, etc. Москва
260 ## - PUBLICATION, DISTRIBUTION, ETC.
Name of publisher, distributor, etc. Изд-во АНСССР
260 ## - PUBLICATION, DISTRIBUTION, ETC.
Date of publication, distribution, etc. 1952
300 ## - PHYSICAL DESCRIPTION
Extent 378стр.30см.
653 ## - INDEX TERM--UNCONTROLLED
Uncontrolled term Алкалоидоносные растения СССР
942 ## - ADDED ENTRY ELEMENTS (KOHA)
Koha item type წიგნი
ეგზემპლარები
Withdrawn status Lost status Damaged status Not for loan Date acquired Barcode Date last seen Price effective from Koha item type
        2018-12-17 20812 2018-12-17 2018-12-17 წიგნი